LEADER 01237nam a2200205 i 4500 001 000000000587 003 CaOOAMICUS 005 20180830125433.0 008 180830s1993 it u000 u ita u 040 $aSeMil$bita 245 10$aCelebrare il mistero di Cristo :$bmanuale di liturgia /$ca cura dell' Associazione professori di liturgia. 260 $aRoma :$bCLV Edizioni Liturgiche,$c1993-2012. 300 $a3 v. ;$c24 cm. 650 4$aLiturgia - Manuali.$0(OLS)http://semarc/subject/87 710 2 $aAssociazione professori di liturgia.$0(OLS)http://semarc/name/63 774 0 $t1: La celebrazione.$kBibliotheca Ephemerides Liturgicae. Subsidia$kStudi di liturgia. Nuova serie$z88-85918-84-0$g1$w()40272 774 0 $t2: La celebrazione dei sacramenti.$kBibliotheca Ephemerides Liturgicae. Subsidia$kStudi di liturgia. Nuova serie$z88-86655-12-6$g2$w()50980 774 0 $t3: La celebrazione e i suoi linguaggi.$dRoma : Edizioni Liturgiche, 2012.$kBibliotheca Ephemerides Liturgicae. Subsidia$kStudi di liturgia. Nuova serie$z978-88-7367-165-7$g3$w()219982 996 $6245$aCelebrare il mistero di Cristo :$bmanuale di liturgia$9(OLS)http://semarc/title/816 996 $6260$aRoma :$bCLV Edizioni Liturgiche$9(OLS)http://semarc/publisher/29627 LEADER 01153nam a2200241 i 4500 001 000000009592 003 CaOOAMICUS 005 20180830125440.0 008 180830s1969 fr u000 u und u 040 $aSeMil$bita 100 0 $aChromatius : Aquileiensis,$c.$0(OLS)http://semarc/name/3703 245 10$aSermons /$cCromace d'Aquilée ; introduction, texte critique, notes et index par Joseph Lemarié ; traduction par Henri Tardif. 260 $aParis :$bLes Éditions du Cerf,$c1969-1971. 300 $a2 v. ;$c20 cm. 500 $aTesto latino a fronte. - Dalla biblioteca del card. Giovanni Colombo. 700 1 $aTardif, Henri.$0(OLS)http://semarc/name/4728 700 1 $aLemarié, Joseph,$c.$0(OLS)http://semarc/name/4727 773 0 $tSources chrétiennes.$dParis : Les Éditions du Cerf, 1941-$kSources chrétiennes$x0750-1978$w()41 774 0 $tSermons 18-41.$kSources chrétiennes$gTome2$w()80896 774 0 $tSermons 1-17 A.$kSources chrétiennes$gTome1$w()85105 941 1 $a3 996 $6245$aSermons$9(OLS)http://semarc/title/9165 996 $6260$aParis :$bLes Éditions du Cerf$9(OLS)http://semarc/publisher/29611